000
002530000a22000970004500
100
1
_a
Olson, Warwick
245
1
0
_a
Letting the world know about Lausanne
300
_a
Vol. 13, Núm 49 (1987), Páginas 12-13
773
0
_t
World Evangelization
942
_c
ANA
999
_c
58112
_d
58112